header

Ironies of oneness and difference (Record no. 56193)

MARC details
000 -LEADER
fixed length control field 01343nam a2200337Ia 4500
100 1# - MAIN ENTRY--AUTHOR NAME
Personal name Ziporyn, Brook,
245 10 - TITLE STATEMENT
Title Ironies of oneness and difference
260 ## - PUBLICATION, DISTRIBUTION, ETC. (IMPRINT)
Place of publication Albany :
Name of publisher State University of New York Press,
Year of publication c2012.
300 ## - PHYSICAL DESCRIPTION
Number of Pages ix, 323 p.
650 #0 - SUBJECT ADDED ENTRY--TOPICAL TERM
Topical Term Li.
Topical Term Philosophy, Chinese.
Topical Term Truth
856 40 - ELECTRONIC LOCATION AND ACCESS
Uniform Resource Identifier http://site.ebrary.com/lib/rucke/Doc?id=10622339

No items available.

© 2026 Rongo University
Contact us: librarian | system librarian | Rongo university